=LDR 00000nam 2200000 4500 =001 INLIS000000000001892 =005 20130612090255 =008 ***********************************Ind** =035 ##$$0010-061300000001892 =041 ##$$a Ind =082 ##$$a 613 =090 ##$$a 613, Gol p =100 ##$$a Goldstein,Jack =245 ##$$a Puasa dan makan untuk kesehatan dan mencegah penyakit, Jack Goldstein =260 ##$$a 1997 $b Semarang =300 ##$$a 107 hlm, 21 cm =650 ##$$a Kesehatan,Pemeliharaan =850 ##$$a NBPNMAT